|
|
|
|
| LEADER |
00000cab a2200000 a 4500 |
| 001 |
vtls010258446 |
| 003 |
SK-MaSNL |
| 005 |
20260304162302.0 |
| 008 |
25050709c2008 xo o |||||||||||||||slol |
| 015 |
|
|
|a SNBRB2009/06
|
| 035 |
|
|
|a SVKKK000095995
|
| 035 |
|
|
|a urn:nbn:sk:snk-ab6jaj
|
| 035 |
|
|
|a (uuid)ce4fe195-1239-4371-b23e-0c755f551b9f
|
| 035 |
|
|
|a (urnnbn)urn:nbn:sk:snk:ar-004ijw
|
| 035 |
|
|
|a (sysno)vtls010258446
|
| 038 |
|
|
|a SVKKK
|
| 040 |
|
|
|a SNKBUCL
|b slo
|c SNKBUCL
|e AACR2
|
| 041 |
0 |
|
|a slo
|
| 044 |
|
|
|a xo
|c SK
|
| 080 |
|
|
|a 504.54:06.063
|x (437.6)
|2 1997
|
| 100 |
1 |
|
|a Gudzová, Anna
|4 aut
|9 563896
|
| 245 |
1 |
0 |
|a Päť schodov do neba a- do Európy
|c Anna Gudzová
|
| 300 |
|
|
|b Fotogr.
|
| 611 |
2 |
7 |
|a Európska cena obnovy dediny
|g súťaž
|n (10. :
|d 24.-28. september 2008 :
|c Koudum, Holansko)
|2 snkbucl
|9 1487578
|
| 650 |
0 |
7 |
|a obnova dediny
|2 pppkcl
|9 98162
|
| 651 |
|
7 |
|a Liptovská Teplička (Slovensko)
|2 pppkcl
|9 20039
|
| 651 |
|
7 |
|a Poprad (Slovensko : okres)
|2 pppkcl
|9 28675
|
| 773 |
0 |
|
|t Enviromagazín
|g Roč. 13, č. 4 (2008), s. 23
|x 1335-1877
|
| 850 |
|
|
|a Slovenská národná knižnica
|
| 852 |
|
|
|a Slovenská národná knižnica
|
| 954 |
|
|
|a odborná, vedecká literatúra pôvodná (slovenská)
|2 lita
|
| 958 |
|
|
|a article27
|
| 958 |
|
|
|a OND
|
| 958 |
|
|
|a EUIPO
|
| 999 |
|
|
|c 2973921
|d 2975851
|